Quiz sur les Philippines - Statistiques

Statistiques générales
  • Ce quiz a été pris 3 216 fois
  • Le résultat moyen est 8 sur 20
Statistiques - réponses
Question Réponse % Correct
Capitale Manille
97%
Pays qui ont occupé les Philippines Espagne
82%
Pays qui ont occupé les Philippines Japon
82%
Pays qui ont occupé les Philippines États-Unis
76%
Religion pratiquée par les indépendantistes de Bangsamoro, dans le sud du pays Islam
65%
Explorateur célèbre qui est décédé aux Philippines en 1521 Ferdinand de Magellan
59%
Type de catastrophe naturelle qui s'est produite en 2013 Typhon
55%
Langue la plus parlée Tagalog
46%
Plus grandes îles Luçon
41%
Ville la plus peuplée et ancienne capitale {Quezon} City
32%
Deuxième ville la plus peuplée Cebu
29%
Grande ville au sud du pays,commençant par la lettre D Davao
27%
Boxeur qui a été champion du monde dans huit catégories différentes Manny Pacquiao
26%
Plus grandes îles Mindanao
25%
Volcan qui s'est réveillé en 1991, causant la plus grande éruption depuis 1883 Pinatubo
23%
Général américain célèbre qui fut aussi le seul maréchal de l'armée philippine Douglas MacArthur
22%
Collines qui deviennent marron vers la fin de la saison sèche {Chocolate} Hills
17%
Ancienne première dame qui s'est illégalement offert 3000 paires de chaussures aux frais du régime Imelda Marcos
16%
Plus grandes îles Negros
13%
Plus grandes îles Samar
9%
Aucun quiz correspondant
Distribution des résultats
% des personnes avec chaque résultat
Percentile par nombre de réponses
Votre historique - résultats
Vous n’avez pas pris ce quiz